[Event "ESP-ch U18"]
[Site "Salobrena"]
[Date "2021.07.30"]
[Round "7"]
[White "Amengual Perello, Jordi"]
[Black "Sainz Allo, Javier"]
[Result "1/2-1/2"]
[WhiteElo "2192"]
[BlackElo "1896"]
[PlyCount "95"]
[EventDate "2021.07.26"]
[EventType "swiss"]
[EventRounds "9"]
[EventCountry "ESP"]
[SourceTitle "CBM 203 Extra"]
[Source "ChessBase"]
[SourceDate "2021.09.30"]
[SourceVersion "1"]
[SourceVersionDate "2021.09.30"]
[SourceQuality "1"]

1. d4 Nf6 2. Nf3 e6 3. Bg5 c5 4. e3 Qb6 5. Qc1 Nc6 6. c3 Be7 7. Nbd2 d5 8. Bd3 Bd7 9. Ne5 h6 10. Bh4 cxd4 11. exd4 Nxe5 12. dxe5 Ne4 13. Nxe4 dxe4 14. Bxe7 exd3 15. Bd6 f6 16. 0-0 0-0-0 17. b4 fxe5 18. Bxe5 Bc6 19. Bd4 Qc7 20. Qe3 Qd6 21. Qxd3 Qd5 22. Qg3 h5 23. h4 Rhg8 24. Rfe1 g5 25. Re5 gxh4 26. Rxd5 hxg3 27. Rxd8+ Kxd8 28. f3 a6 29. Re1 Bd5 30. a3 Rf8 31. Re5 Rf5 32. Rxf5 exf5 33. Be5 Kd7 34. Bxg3 Bf7 35. Kf2 Kc6 36. a4 Bb3 37. a5 Bf7 38. Ke3 Kd5 39. Kd3 Be6 40. Ke3 Bf7 41. Kf4 Ke6 42. Bf2 Be8 43. Bd4 Bb5 44. Kg5 Bf1 45. g3 Be2 46. Kf4 Kd5 47. Kxf5 Bxf3 48. Kf6 1/2-1/2

[Event "ESP-ch U18"]
[Site "Salobrena"]
[Date "2021.07.27"]
[Round "3"]
[White "Amengual Perello, Jordi"]
[Black "Garcia Fernandez, Victor"]
[Result "1-0"]
[WhiteElo "2192"]
[BlackElo "2005"]
[PlyCount "83"]
[EventDate "2021.07.26"]
[EventType "swiss"]
[EventRounds "9"]
[EventCountry "ESP"]
[SourceTitle "CBM 203 Extra"]
[Source "ChessBase"]
[SourceDate "2021.09.30"]
[SourceVersion "1"]
[SourceVersionDate "2021.09.30"]
[SourceQuality "1"]

1. d4 d5 2. c4 e6 3. Nc3 c5 4. cxd5 exd5 5. Nf3 Nf6 6. g3 Nc6 7. Bg2 cxd4 8. Nxd4 Bc5 9. Nxc6 bxc6 10. Qc2 Bb6 11. 0-0 0-0 12. Na4 Bd7 13. Nc5 Re8 14. Re1 Bg4 15. Bg5 Bxc5 16. Qxc5 Nd7 17. Qc1 Qb6 18. Qd2 Rab8 19. b3 Qb4 20. Rac1 Qxd2 21. Bxd2 Rbc8 22. Be3 a6 23. h3 Bh5 24. Rc3 Nf6 25. g4 Bg6 26. Rec1 Re6 27. Rc5 Be4 28. Bf1 Nd7 29. Ra5 Ra8 30. Bd4 g5 31. f3 Bg6 32. Kf2 f6 33. Rc3 Nb8 34. e3 Be8 35. Bd3 Bg6 36. Bf1 Be8 37. b4 Bd7 38. a4 Bc8 39. Bd3 Bb7 40. Bf5 Re7 41. Bxf6 Rc7 42. Rxd5 1-0

[Event "Mallorca-chT Preferente"]
[Site "Mallorca"]
[Date "2021.04.17"]
[Round "6"]
[White "Vich Ramirez, Carles"]
[Black "Amengual Perello, Jordi"]
[Result "1/2-1/2"]
[WhiteElo "2083"]
[BlackElo "2141"]
[PlyCount "96"]
[EventDate "2021.03.06"]
[EventType "team-swiss"]
[EventRounds "7"]
[EventCountry "ESP"]
[SourceTitle "EXT 2023"]
[Source "ChessBase"]
[SourceDate "2022.10.05"]
[SourceVersion "1"]
[SourceVersionDate "2022.10.05"]
[SourceQuality "1"]
[WhiteTeam "Balanguera"]
[BlackTeam "Mallorca Isolani"]
[WhiteTeamCountry "ESP"]
[BlackTeamCountry "ESP"]

1. e4 c5 2. d3 e6 3. g3 Nc6 4. Bg2 Nf6 5. c3 d5 6. Nd2 Ne5 7. Ndf3 Nxf3+ 8. Bxf3 Qc7 9. Bf4 Bd6 10. Ne2 Bd7 11. Bxd6 Qxd6 12. Qc2 0-0 13. 0-0 Bb5 14. Rfd1 Rfd8 15. exd5 exd5 16. d4 c4 17. Re1 Bd7 18. Nf4 Re8 19. h4 b5 20. a3 a5 21. Ng2 g6 22. Ne3 Be6 23. h5 Rab8 24. hxg6 hxg6 25. Kg2 Kg7 26. Rh1 Rb6 27. Qd2 Kf8 28. Rh8+ Ke7 29. Rxe8+ Kxe8 30. Qe2 Kd7 31. Ng4 Bxg4 32. Bxg4+ Nxg4 33. Qxg4+ Qe6 34. Qg5 Qe4+ 35. Kg1 Re6 36. f3 f6 37. fxe4 fxg5 38. e5 Rb6 39. Kf2 Rb8 40. Kf3 Rf8+ 41. Ke2 Rh8 42. Rf1 Rh2+ 43. Rf2 Rxf2+ 44. Kxf2 g4 45. Ke3 g5 46. a4 bxa4 47. Kd2 a3 48. bxa3 a4 1/2-1/2

[Event "Calvia Amateur op 17th"]
[Site "Calvia"]
[Date "2020.10.16"]
[Round "7"]
[White "Amengual Perello, Jordi"]
[Black "Aguado Doncel, Pablo Luis"]
[Result "1/2-1/2"]
[WhiteElo "2176"]
[BlackElo "2072"]
[PlyCount "35"]
[EventDate "2020.10.10"]
[EventType "swiss"]
[EventRounds "9"]
[EventCountry "ESP"]
[SourceTitle "CBM 198 Extra"]
[Source "ChessBase"]
[SourceDate "2020.11.30"]
[SourceVersion "1"]
[SourceVersionDate "2020.11.30"]
[SourceQuality "1"]

1. e4 e5 2. Nf3 Nf6 3. Nxe5 d6 4. Nf3 Nxe4 5. d4 d5 6. Bd3 Bf5 7. 0-0 Be7 8. Re1 0-0 9. c4 Nc6 10. cxd5 Qxd5 11. Bxe4 Bxe4 12. Nc3 Bxf3 13. Nxd5 Bxd1 14. Nxe7+ Nxe7 15. Rxe7 Rfe8 16. Rxe8+ Rxe8 17. Be3 Bg4 18. Rc1 1/2-1/2

[Event "Calvia Amateur op 16th"]
[Site "Calvia"]
[Date "2019.10.10"]
[Round "6"]
[White "Amengual Perello, Jordi"]
[Black "Oye Stromberg, Alexander"]
[Result "1-0"]
[WhiteElo "2087"]
[BlackElo "1911"]
[PlyCount "85"]
[EventDate "2019.10.05"]
[EventType "swiss"]
[EventRounds "9"]
[EventCountry "ESP"]
[SourceTitle "CBM 192 Extra"]
[Source "Chessbase"]
[SourceDate "2019.11.06"]
[SourceVersion "1"]
[SourceVersionDate "2019.11.06"]
[SourceQuality "1"]

1. Nf3 Nf6 2. c4 g6 3. g3 Bg7 4. Bg2 0-0 5. 0-0 d5 6. cxd5 Nxd5 7. d4 Nb6 8. Nc3 c6 9. Bf4 Bg4 10. Ne5 Be6 11. e4 f6 12. Nf3 Qc8 13. d5 Rd8 14. Nd4 Bf7 15. Qb3 f5 16. Ne6 Bxe6 17. dxe6 fxe4 18. Bxe4 Na6 19. Rae1 Rd4 20. Qc2 Nd5 21. Bg5 Nf6 22. Be3 Rd6 23. Bg2 Nd5 24. Ne4 Nxe3 25. Rxe3 Rd5 26. h4 Re5 27. Ng5 Qc7 28. Rf3 Rc5 29. Qe4 Qe5 30. Qg4 Rb5 31. Rf7 Rxb2 32. Rxe7 Bf6 33. Rf7 Rb4 34. Ne4 Bg7 35. f4 Qd4+ 36. Kh2 Nc5 37. Rd1 Qc4 38. Nxc5 Qxc5 39. Rdd7 Bd4 40. Rxh7 Qc2 41. Rh6 Kf8 42. Rxg6 Bg1+ 43. Kh3 1-0

[Event "Calvia Amateur op 16th"]
[Site "Calvia"]
[Date "2019.10.09"]
[Round "5"]
[White "Amengual Perello, Jordi"]
[Black "Borovnica, Tihomir"]
[Result "1/2-1/2"]
[WhiteElo "2087"]
[BlackElo "2231"]
[PlyCount "145"]
[EventDate "2019.10.05"]
[EventType "swiss"]
[EventRounds "9"]
[EventCountry "ESP"]
[SourceTitle "CBM 192 Extra"]
[Source "Chessbase"]
[SourceDate "2019.11.06"]
[SourceVersion "1"]
[SourceVersionDate "2019.11.06"]
[SourceQuality "1"]

1. Nf3 Nf6 2. c4 g6 3. Nc3 Bg7 4. d4 0-0 5. g3 d5 6. cxd5 Nxd5 7. Bg2 Nxc3 8. bxc3 c5 9. 0-0 Qa5 10. Qb3 Nc6 11. Bd2 Qa6 12. e3 Be6 13. Qb2 Bc4 14. Rfb1 b5 15. a4 bxa4 16. Qa3 cxd4 17. Nxd4 Nxd4 18. exd4 Rab8 19. Re1 Bb3 20. Rxe7 Qd3 21. Qc1 Rbc8 22. Qe1 a5 23. Be4 Qb5 24. Qf1 Qh5 25. Qd3 Bd1 26. Bb7 Rce8 27. Rxe8 Rxe8 28. Be3 Be2 29. Qc2 Rb8 30. Bc6 Rb6 31. Bg2 Qb5 32. Be4 f5 33. Ba8 Rb8 34. Bg2 Bd3 35. Qd1 Be2 36. Qc2 Bd3 37. Qxa4 Qxa4 38. Bd5+ Kf8 39. Rxa4 Rb1+ 40. Kg2 Bf1+ 41. Kf3 Rb5 42. c4 Rb3 43. Rxa5 Bxd4 44. Ra8+ Ke7 45. Kf4 Bxe3+ 46. fxe3 Rb4 47. Ra7+ Kd6 48. Ra6+ Ke7 49. Rc6 Kd7 50. Ke5 Rb2 51. h4 Bg2 52. Ra6 Re2 53. Ra7+ Kc8 54. Rxh7 Bxd5 55. cxd5 Rxe3+ 56. Kf4 Re4+ 57. Kf3 Rd4 58. Rg7 Rxd5 59. Rxg6 Kd8 60. Kf4 Ke7 61. Ra6 Kf7 62. h5 Rb5 63. h6 Rb3 64. Ra7+ Kg8 65. Rg7+ Kh8 66. Kxf5 Rb5+ 67. Kg4 Rb4+ 68. Kh5 Rh4+ 69. Kg5 Rg4+ 70. Kf6 Rf4+ 71. Ke7 Re4+ 72. Kf8 Re8+ 73. Kxe8 1/2-1/2

[Event "Mallorca-ch"]
[Site "Mallorca"]
[Date "2019.04.26"]
[Round "?"]
[White "Amengual Perello, Jordi"]
[Black "Cubas Pons, Juan Miguel"]
[Result "0-1"]
[WhiteElo "1939"]
[BlackElo "2193"]
[PlyCount "54"]
[EventDate "2019.04.26"]
[EventType "swiss"]
[EventRounds "5"]
[EventCountry "ESP"]
[SourceTitle "EXT 2024"]
[Source "ChessBase"]
[SourceDate "2023.10.10"]
[SourceVersion "1"]
[SourceVersionDate "2023.10.10"]
[SourceQuality "1"]

1. d4 d5 2. c4 e6 3. Nf3 Nf6 4. g3 Bb4+ 5. Bd2 Bd6 6. Bg2 c6 7. Qc2 0-0 8. 0-0 Ne4 9. Bf4 Bxf4 10. gxf4 Nd7 11. Nbd2 f5 12. e3 Rf6 13. Nxe4 fxe4 14. Ne5 Nxe5 15. fxe5 Rf5 16. Qe2 Bd7 17. cxd5 cxd5 18. f3 exf3 19. Rxf3 Rxf3 20. Qxf3 Rc8 21. Rf1 Qe7 22. Rf2 Bb5 23. Bh3 Bd3 24. Rd2 Rc1+ 25. Kf2 Be4 26. Qg4 Bf5 27. Qf3 Qh4+ 0-1

[Event "Mallorca-ch U18"]
[Site "Mallorca"]
[Date "2019.04.21"]
[Round "4"]
[White "Amengual Perello, Jordi"]
[Black "Sureda Gonzalez, Miquel"]
[Result "1-0"]
[WhiteElo "1939"]
[BlackElo "1550"]
[PlyCount "131"]
[EventDate "2019.04.19"]
[EventType "swiss"]
[EventRounds "5"]
[EventCountry "ESP"]
[SourceTitle "EXT 2024"]
[Source "ChessBase"]
[SourceDate "2023.10.10"]
[SourceVersion "1"]
[SourceVersionDate "2023.10.10"]
[SourceQuality "1"]

1. c4 Nf6 2. Nf3 d5 3. d4 e6 4. g3 c6 5. Bg2 Be7 6. 0-0 0-0 7. Qc2 b6 8. b3 Bb7 9. Rd1 Na6 10. a3 c5 11. cxd5 exd5 12. Bb2 Rc8 13. Qf5 Re8 14. Nc3 Nc7 15. Rac1 Ne6 16. e3 a6 17. dxc5 bxc5 18. Ne1 Nc7 19. Na4 Qd7 20. Qc2 Na8 21. Nd3 c4 22. Nf4 Red8 23. Nc3 Nb6 24. b4 Qc7 25. h4 Ba8 26. Rd4 Rd6 27. Rcd1 Rcd8 28. a4 Qd7 29. a5 Nc8 30. Ba3 Qe8 31. Ncxd5 Nxd5 32. Nxd5 Bxd5 33. Rxd5 Rxd5 34. Rxd5 Nd6 35. Bb2 Rb8 36. Be5 Rd8 37. Bxd6 Rxd6 38. Rxd6 Bxd6 39. Qxc4 Qb8 40. Qxa6 Bxb4 41. Qb6 Qxb6 42. axb6 Ba5 43. b7 Bc7 44. Kf1 Kf8 45. Ke2 Ke7 46. Kd3 Kd6 47. Ke4 Ke6 48. Bh3+ Kd6 49. Kf5 Kc6 50. Bg2+ Kd6 51. h5 Ke7 52. Bd5 Bb8 53. Kg5 Bc7 54. Be4 h6+ 55. Kf5 Bb8 56. Bd5 Bc7 57. e4 Bb8 58. e5 Bc7 59. f4 Bb8 60. g4 Bc7 61. Ke4 Bb8 62. Bc4 Bc7 63. Kd5 Bb8 64. Kc6 Ke8 65. Bxf7+ Kxf7 66. Kd7 1-0

[Event "Mallorca-ch U18"]
[Site "Mallorca"]
[Date "2019.04.19"]
[Round "1"]
[White "Garcia Feore, Daniel James"]
[Black "Amengual Perello, Jordi"]
[Result "0-1"]
[WhiteElo "1511"]
[BlackElo "1939"]
[PlyCount "96"]
[EventDate "2019.04.19"]
[EventType "swiss"]
[EventRounds "5"]
[EventCountry "ESP"]
[SourceTitle "EXT 2024"]
[Source "ChessBase"]
[SourceDate "2023.10.10"]
[SourceVersion "1"]
[SourceVersionDate "2023.10.10"]
[SourceQuality "1"]

1. e4 c5 2. Nf3 Nc6 3. d4 cxd4 4. Nxd4 e5 5. Nb5 d6 6. N1c3 a6 7. Na3 Be7 8. Be3 Nf6 9. Nc4 Be6 10. Nb6 Rb8 11. f3 0-0 12. Qd2 Nd7 13. Ncd5 Nxb6 14. Nxb6 Qc7 15. c3 Na7 16. Nd5 Bxd5 17. Qxd5 b5 18. h4 Nc8 19. g4 Nb6 20. Qb3 Rfd8 21. 0-0-0 Nc4 22. Bg5 f6 23. Be3 Kh8 24. Bxc4 bxc4 25. Qc2 Rb5 26. Rd5 Rxd5 27. exd5 Qa5 28. Rd1 Qxa2 29. Qb1 Qa5 30. g5 Rb8 31. Qe4 Qb5 32. Rd2 Rf8 33. Qf5 fxg5 34. Qe6 Qe8 35. hxg5 Rxf3 36. Re2 Rf1+ 37. Kd2 Qd8 38. g6 Rf6 39. Qh3 Rxg6 40. Rh2 h6 41. Qf5 Rf6 42. Qg4 Qb8 43. Ke1 Qc7 44. Qe4 Qa5 45. Kd2 Qa2 46. Ke1 Qa1+ 47. Ke2 Qxb2+ 48. Bd2 Bd8 0-1

[Event "EU-ch U16 28th"]
[Site "Riga"]
[Date "2018.08.21"]
[Round "2"]
[White "Chukavin, Kirill"]
[Black "Amengual Perello, Jordi"]
[Result "1-0"]
[WhiteElo "2291"]
[BlackElo "1956"]
[PlyCount "87"]
[EventDate "2018.08.20"]
[EventType "swiss"]
[EventRounds "9"]
[EventCountry "LAT"]
[SourceTitle "CBM 186 Extra"]
[Source "ChessBase"]
[SourceDate "2018.08.24"]
[SourceVersion "1"]
[SourceVersionDate "2018.08.24"]
[SourceQuality "1"]

1. e4 c5 2. Nf3 e6 3. d4 cxd4 4. Nxd4 Nf6 5. Nc3 Nc6 6. Ndb5 Bb4 7. a3 Bxc3+ 8. Nxc3 d5 9. exd5 exd5 10. Bd3 0-0 11. 0-0 d4 12. Ne2 Bg4 13. b4 Bxe2 14. Qxe2 Re8 15. Qf3 Qd5 16. Qxd5 Nxd5 17. Bb2 Nf4 18. Rfd1 a6 19. Kf1 Ne5 20. Bxd4 Nexd3 21. cxd3 Red8 22. Bb6 Rxd3 23. g3 Rxd1+ 24. Rxd1 Ng6 25. Rd7 Rb8 26. Ba7 Nf8 27. Rc7 Re8 28. Rxb7 f5 29. Rb6 Re6 30. Rxe6 Nxe6 31. Bb6 Kf7 32. Ke2 Ke7 33. Kd3 Kd7 34. Kc4 Kc6 35. Bd4 g6 36. a4 Ng5 37. b5+ axb5+ 38. axb5+ Kb7 39. h4 Ne4 40. Kd5 h5 41. Ke6 Kc8 42. b6 Kb7 43. Be3 Kc6 44. Kf7 1-0

[Event "Calvia Amateur op 14th"]
[Site "Calvia"]
[Date "2017.10.08"]
[Round "2"]
[White "Mercant Simo, Jaime"]
[Black "Amengual Perello, Jordi"]
[Result "1-0"]
[WhiteElo "2067"]
[BlackElo "1790"]
[PlyCount "85"]
[EventDate "2017.10.07"]
[EventType "swiss"]
[EventRounds "9"]
[EventCountry "ESP"]
[SourceTitle "CBM 181 Extra"]
[Source "ChessBase"]
[SourceDate "2017.12.12"]
[SourceVersion "1"]
[SourceVersionDate "2017.12.12"]
[SourceQuality "1"]

1. e4 e5 2. Nf3 Nf6 3. Nxe5 d6 4. Nxf7 Kxf7 5. d4 c5 6. Nc3 Be7 7. Bc4+ Be6 8. Bxe6+ Kxe6 9. d5+ Kf7 10. f4 Qc7 11. Qe2 Nbd7 12. Be3 a6 13. g4 Nb6 14. g5 Rae8 15. 0-0 Qd7 16. gxf6 Bxf6 17. Qd3 Na4 18. Nxa4 Qxa4 19. e5 dxe5 20. d6 Qd7 21. Qd5+ Kf8 22. fxe5 Qe6 23. Qxe6 Rxe6 24. Bf4 Bd8 25. Bg3+ Ke8 26. Rf3 h5 27. h3 h4 28. Bh2 Rg6+ 29. Kf2 Rf8 30. Rxf8+ Kxf8 31. Rg1 Rxg1 32. Bxg1 Kf7 33. Kf3 Ke6 34. Ke4 b6 35. c4 a5 36. Bh2 g6 37. Bf4 b5 38. cxb5 Bb6 39. b3 Bd8 40. a4 Bb6 41. Bg5 Ba7 42. Bxh4 Bb6 43. Bg5 1-0

[Event "ESP-chT Regional U14"]
[Site "Padron"]
[Date "2017.06.23"]
[Round "3.1"]
[White "Sainz Allo, Javier"]
[Black "Amengual Perello, Jordi"]
[Result "1/2-1/2"]
[WhiteElo "1369"]
[BlackElo "1728"]
[PlyCount "137"]
[EventDate "2017.06.22"]
[EventType "team"]
[EventRounds "6"]
[EventCountry "ESP"]
[SourceTitle "EXT 2018"]
[Source "ChessBase"]
[SourceDate "2017.10.13"]
[SourceVersion "1"]
[SourceVersionDate "2017.10.13"]
[SourceQuality "1"]
[WhiteTeam "La Rioja (U14)"]
[BlackTeam "Baleares (U14)"]
[WhiteTeamCountry "ESP"]
[BlackTeamCountry "ESP"]

1. e4 e5 2. Nf3 Nf6 3. Nxe5 d6 4. Nf3 Nxe4 5. d4 d5 6. Be2 Bf5 7. 0-0 Be7 8. Nbd2 Nc6 9. c3 0-0 10. Nxe4 dxe4 11. Nd2 Bg5 12. Nb3 Bxc1 13. Qxc1 Ne7 14. Qg5 Bg6 15. f3 b6 16. fxe4 Bxe4 17. Bf3 Bxf3 18. Rxf3 Qd7 19. Raf1 Rae8 20. h4 Qd5 21. Qxd5 Nxd5 22. Kf2 Re4 23. Kg3 f6 24. a4 a5 25. Nd2 Re2 26. R1f2 Rfe8 27. Rxe2 Rxe2 28. Rf2 Re1 29. Rf1 Re7 30. Nf3 Kf7 31. Re1 Rxe1 32. Nxe1 Ne3 33. Kf3 Nc4 34. Nd3 c6 35. b4 g6 36. bxa5 Nxa5 37. Nb4 Ke6 38. Ke4 f5+ 39. Kf4 h6 40. g3 Kf6 41. Nd3 g5+ 42. hxg5+ hxg5+ 43. Kf3 Nc4 44. Nb4 Na5 45. Nd3 Ke6 46. Ne5 c5 47. Ke3 Kd5 48. Nf7 Nc4+ 49. Kd3 Nb2+ 50. Kc2 Nxa4 51. dxc5 bxc5 52. Nxg5 Kc4 53. Ne6 Nxc3 54. Nxc5 Ne2 55. Ne6 Nxg3 56. Kd2 Kd5 57. Nf4+ Ke4 58. Ng2 Nf1+ 59. Ke2 Nh2 60. Kf2 Ng4+ 61. Ke2 Ne5 62. Kf2 Nd3+ 63. Ke2 Nf4+ 64. Nxf4 Kxf4 65. Kf2 Kg4 66. Kg2 f4 67. Kf2 f3 68. Kf1 Kg3 69. Kg1 1/2-1/2

[Event "Santa Margalida Mallorca-ch"]
[Site "Santa Margalida"]
[Date "2016.12.02"]
[Round "7"]
[White "Sanchez Lopez, Alejandro"]
[Black "Amengual Perello, Jordi"]
[Result "1/2-1/2"]
[WhiteElo "1815"]
[BlackElo "1551"]
[PlyCount "119"]
[EventDate "2016.11.11"]
[EventType "swiss"]
[EventRounds "8"]
[EventCountry "ESP"]
[SourceTitle "EXT 2018"]
[Source "ChessBase"]
[SourceDate "2017.10.13"]
[SourceVersion "1"]
[SourceVersionDate "2017.10.13"]
[SourceQuality "1"]

1. e4 e5 2. d4 exd4 3. c3 d5 4. exd5 Qxd5 5. cxd4 Nc6 6. Nf3 Bg4 7. Be2 Bb4+ 8. Nc3 Bxf3 9. Bxf3 Qc4 10. Qb3 Qxb3 11. Bxc6+ bxc6 12. axb3 Ne7 13. 0-0 Kd7 14. Rd1 Rhb8 15. Rd3 Bxc3 16. Rxc3 Nf5 17. Bf4 Rb5 18. Rd1 Rd5 19. Be3 Rb8 20. g4 Ne7 21. Re1 Rdb5 22. d5 Nxd5 23. Rd1 Rxb3 24. Bxa7 R8b7 25. Rxb3 Rxb3 26. Bd4 g6 27. Kf1 Kd6 28. Ra1 Rh3 29. Kg1 Nf4 30. Be3 g5 31. Rd1+ Ke7 32. Re1 Kd7 33. Bxf4 gxf4 34. Re4 f3 35. Rf4 Ke7 36. g5 Ke6 37. Rf6+ Ke7 38. Rxc6 Rh4 39. Rxc7+ Ke6 40. Rc3 Rf4 41. h3 Kf5 42. Rc5+ Kg6 43. Rb5 Kh5 44. Kh2 Kh4 45. b4 Re4 46. Rb6 Re2 47. Rh6+ Kxg5 48. Rxh7 Kg6 49. Rh4 Rxf2+ 50. Kg3 Rf1 51. Rf4 f5 52. Rxf3 Rb1 53. Rf4 Kg5 54. h4+ Kg6 55. Rc4 Kf6 56. Rc6+ Ke5 57. Rc4 Kf6 58. b5 Rb3+ 59. Kf2 Rxb5 60. h5 1/2-1/2

[Event "Calvia Amateur op 13th"]
[Site "Calvia"]
[Date "2016.10.15"]
[Round "8"]
[White "Hajenius, Willem"]
[Black "Amengual Perello, Jordi"]
[Result "1-0"]
[WhiteElo "2002"]
[BlackElo "1393"]
[PlyCount "53"]
[EventDate "2016.10.08"]
[EventType "swiss"]
[EventRounds "9"]
[EventCountry "ESP"]
[SourceTitle "CBM 175 Extra"]
[Source "ChessBase"]
[SourceDate "2016.12.12"]
[SourceVersion "1"]
[SourceVersionDate "2016.12.12"]
[SourceQuality "1"]

1. d4 d5 2. c4 e6 3. Nc3 Nf6 4. cxd5 Nxd5 5. e4 Nxc3 6. bxc3 Be7 7. Nf3 b6 8. Bd3 Bb7 9. 0-0 Nd7 10. Qe2 a5 11. Rd1 0-0 12. Bf4 f5 13. exf5 exf5 14. Re1 Ba3 15. Ng5 Bd5 16. Ne6 Bxe6 17. Qxe6+ Kh8 18. Rad1 Nf6 19. Qxf5 Qd5 20. Be5 Qg8 21. Re3 Nd5 22. Bxg7+ Qxg7 23. Qxd5 Bd6 24. Rde1 Rad8 25. Qh5 Rg8 26. g3 Bf4 27. Re7 1-0